<?xml version="1.0" encoding="UTF-8"?>
<collection xmlns="http://www.loc.gov/MARC21/slim">
 <record>
  <leader>02448nam a2200289 a 4500</leader>
  <controlfield tag="001">1/51391</controlfield>
  <controlfield tag="008">080128s2008    be  u pdd     1   a0eng d</controlfield>
  <datafield tag="020" ind1=" " ind2=" ">
   <subfield code="a">9789279082399</subfield>
  </datafield>
  <datafield tag="022" ind1="0" ind2=" ">
   <subfield code="a">1016-8060 (print)</subfield>
  </datafield>
  <datafield tag="022" ind1="0" ind2=" ">
   <subfield code="a">1725-3187 (online)</subfield>
  </datafield>
  <datafield tag="024" ind1="0" ind2=" ">
   <subfield code="a">KC-AI-08-314-EN-C</subfield>
  </datafield>
  <datafield tag="035" ind1=" " ind2=" ">
   <subfield code="l">37319</subfield>
  </datafield>
  <datafield tag="040" ind1=" " ind2=" ">
   <subfield code="a">GR-PeUP</subfield>
  </datafield>
  <datafield tag="099" ind1=" " ind2=" ">
   <subfield code="a">ΚΕΤ Αλφαβητική σειρά</subfield>
  </datafield>
  <datafield tag="100" ind1="1" ind2=" ">
   <subfield code="a">Favero, Carlo.</subfield>
  </datafield>
  <datafield tag="245" ind1="1" ind2="4">
   <subfield code="a">The ECB and the bond market /</subfield>
   <subfield code="c">Carlo Favero, Francesco Giavazzi.</subfield>
  </datafield>
  <datafield tag="260" ind1="0" ind2=" ">
   <subfield code="a">Brussels- Belgium:</subfield>
   <subfield code="b">European Comission: Directorate-General for Economic and Financial Affairs,</subfield>
   <subfield code="c">2008.</subfield>
  </datafield>
  <datafield tag="300" ind1=" " ind2=" ">
   <subfield code="a">26 σ. :</subfield>
   <subfield code="b">διαγ. πιν. ;</subfield>
   <subfield code="c">30 εκ.</subfield>
  </datafield>
  <datafield tag="490" ind1="1" ind2=" ">
   <subfield code="a">European Economy. Economic papers ;</subfield>
  </datafield>
  <datafield tag="520" ind1="0" ind2=" ">
   <subfield code="a">Despite the fact that the correlation between policy rates in the U.S. and in the euro area has been low-at least over the past three decades-long term interest rates in the two regions have been highly correlated. More recently (since the early 1990s) their levels have also converged. Decomposing long-rates in their underlying factors-real rates (plus an inflation risk premium), term premia, expected monetary policy and expected inflation-we find that this convergence reflects more similar economic structures in the U.S. and in the euro area, rather than a change in the distribution of shocks that hit the two regions. As far as the response to shocks is concerned, since the start of EMU Euro area long rates have become more responsive to local non-monetary shocks: in the long run, however, they converge to the same level of U.S. long rates because expected inflation and expected monetary policy also converge to similar levels. Policy rates in the euro area have also become more responsive to local non-monetary shocks. Finally, since the start of EMU, a monetary tightening by the ECB raises long rates, contrary to what used to happen in the 1990s when the Bundesbank was running monetary policy. Interestingly long rates in the Euro area fall following a monetary tightening in the U.S.</subfield>
  </datafield>
  <datafield tag="580" ind1=" " ind2=" ">
   <subfield code="a">Economic Papers</subfield>
  </datafield>
  <datafield tag="700" ind1="1" ind2=" ">
   <subfield code="a">Giavazzi, Francesco.</subfield>
  </datafield>
  <datafield tag="710" ind1="2" ind2=" ">
   <subfield code="a">European Commission : Directorate-General for Economic and Financial Affairs.</subfield>
  </datafield>
  <datafield tag="773" ind1="0" ind2="8">
   <subfield code="a">Economic Papers</subfield>
   <subfield code="g">March 2008, No 314.</subfield>
  </datafield>
  <datafield tag="830" ind1=" " ind2=" ">
   <subfield code="a">European Economy. Economic papers ;</subfield>
   <subfield code="v">314.</subfield>
  </datafield>
  <datafield tag="852" ind1=" " ind2=" ">
   <subfield code="a">INST</subfield>
   <subfield code="b">UNIPILB</subfield>
   <subfield code="c">KET</subfield>
   <subfield code="e">20090303</subfield>
   <subfield code="p">EEEP 314</subfield>
   <subfield code="q">EEEP 314</subfield>
   <subfield code="t">NOLOAN</subfield>
   <subfield code="y">23</subfield>
   <subfield code="4">1</subfield>
  </datafield>
  <datafield tag="856" ind1="4" ind2="1">
   <subfield code="u">http://ec.europa.eu/economy_finance/publications/publication_summary12343_en.htm</subfield>
  </datafield>
 </record>
</collection>
